Llwytho...

Nehru and planning in India

Manylion Llyfryddiaeth
Prif Awduron: Das Gupta, N B, Raina, J L
Fformat: Printed Book
Cyhoeddwyd: New Delhi, Concept Publishing Company 1993
Pynciau:
LEADER 005150000a22001690004500
020 |a 81-7022-451-9 
082 |a 330.124 N3 
100 |a Das Gupta, N B 
100 |a Raina, J L 
245 |a Nehru and planning in India 
260 |a New Delhi, Concept Publishing Company 
260 |c 1993 
650 |a Economic development 
650 |a Economic planning 
942 |c BK 
999 |c 130849  |d 130845 
952 |0 0  |1 0  |4 0  |6 330_124000000000000_N3  |7 0  |9 129787  |a SCP  |b SCP  |d 2014-02-11  |l 0  |o 330.124 N3  |p SCP04057  |r 2014-02-11  |w 2014-02-11  |y BK